40 mujeres famosas / (Registro nro. 12603)

Detalles MARC
000 -CABECERA
campo de control de longitud fija 03355nam a22003257a 4500
003 - IDENTIFICADOR DEL NÚMERO DE CONTROL
campo de control DO-SdBPM
005 - FECHA Y HORA DE LA ÚLTIMA TRANSACCIÓN
campo de control 20260513133208.0
007 - CAMPO FIJO DE DESCRIPCIÓN FÍSICA--INFORMACIÓN GENERAL
campo de control de longitud fija ta
008 - DATOS DE LONGITUD FIJA--INFORMACIÓN GENERAL
campo de control de longitud fija 161031b2006 xx a 1 00| 0 spa d
020 ## - NÚMERO INTERNACIONAL ESTÁNDAR DEL LIBRO
Número Internacional Estándar del Libro 0765277506
040 ## - FUENTE DE LA CATALOGACIÓN
Centro catalogador/agencia de origen DO-SdBPM
Lengua de catalogación spa
Centro/agencia transcriptor BPMSU
Normas de descripción rda
082 04 - NÚMERO DE LA CLASIFICACIÓN DECIMAL DEWEY
Número de clasificación R920.72
Número de documento/Ítem H869c
Número de edición 22
100 1# - ENTRADA PRINCIPAL--NOMBRE DE PERSONA
Nombre de persona Hoyt-Goldsmith, Diane
Término indicativo de función/relación autora
Código de función/relación aut.
245 10 - MENCIÓN DE TÍTULO
Título 40 mujeres famosas /
Mención de responsabilidad, etc. Diane Hoyt-Goldsmith
246 13 - FORMA VARIANTE DE TÍTULO
Título propio/Titulo breve Cuarenta mujeres famosas
264 ## - PRODUCCIÓN, PUBLICACIÓN, DISTRIBUCIÓN, FABRICACIÓN Y COPYRIGHT
Producción, publicación, distribución, fabricación y copyright Estados Unidos :
Nombre del de productor, editor, distribuidor, fabricante Celebration Press ;
-- Pearson Learning Group ,
Fecha de producción, publicación, distribución, fabricación o copyright 2006.
300 ## - DESCRIPCIÓN FÍSICA
Extensión 32 págians :
Otras características físicas ilustración ;
Dimensiones 29 cm.
336 ## - TIPO DE CONTENIDO
Término de tipo de contenido texto
Código de tipo de contenido txt
Fuente rdacontent
337 ## - TIPO DE MEDIO
Nombre/término del tipo de medio sin mediación
Código del tipo de medio n
Fuente rdamedia
338 ## - TIPO DE SOPORTE
Nombre/término del tipo de soporte volumen
Código del tipo de soporte nc
Fuente rdacarrier
490 0# - MENCIÓN DE SERIE
Mención de serie iOpeners
500 ## - NOTA GENERAL
Nota general Incluye índice
505 0# - NOTA DE CONTENIDO CON FORMATO
Nota de contenido con formato Isabel Allende (Escritora chilena) -- Corazón Aquino (Política y presidenta de Filipinas) -- Margaret Bourke-White (Fotógrafa documental y corresponsal) -- Ada Byron (Lady Lovelace) (Matemática y pionera de la computación) -- María Cristina Caballero (Periodista colombiana, defensora de derechos humanos) -- Helen Caldicott (Médica y activista antinuclear australiana) -- Emily Carr (Pintora y escritora canadiense). --Caroline Chisholm (Humanitaria dedicada al bienestar de inmigrantes) -- Bessie Coleman (Primera mujer afroamericana e indígena en ser piloto) -- Marie Curie (Científica pionera en el campo de la radiactividad) -- Catriona Le May Doan (Patinadora de velocidad y campeona olímpica) -- Cathy Freeman (Atleta australiana, símbolo de la reconciliación aborigen) -- Biruté Galdikas (Primatóloga experta en orangutanes). -- Indira Gandhi (Primera ministra de la India) -- Tanni Grey-Thompson (Atleta paralímpica y política británica) -- Sachiko Hashimoto (Educadora y líder de las Guías Scouts en Japón) -- Frida Kahlo (Pintora mexicana icónica) -- Helen Keller (Escritora y activista sordociega) -- Aung San Suu Kyi (Política y Nobel de la Paz de Birmania). Maya Lin (Arquitecta y escultora, diseñadora del Monumento a los Veteranos) -- Wangari Maathai (Activista ambiental keniana y Nobel de la Paz) -- Mireya Moscoso (Primera mujer presidenta de Panamá) -- Florence Nightingale (Precursora de la enfermería moderna) -- Antonia Novello (Médica, primera mujer Cirujana General de EE. UU.) -- Ellen Ochoa (Astronoma y primera mujer hispana en el espacio) -- Patricia O'Shane (Primera abogada y magistrada aborigen australiana) --Rosa Parks (Activista clave del movimiento por los derechos civiles) -- Mary Pratt (Pintora realista canadiense) --Mary Robinson (Primera mujer presidenta de Irlanda) -- Mary Seacole (Enfermera jamaicana de la Guerra de Crimea) -- Laura Secord (Heroína canadiense de la guerra de 1812) -- Huda Sha'arawi (Líder feminista egipcia)-- Kate Sheppard (Sufragista clave en Nueva Zelanda) -- Utako Shimoda (Educadora y activista por los derechos de la mujer en Japón) -- Kiri Te Kanawa (Soprano neozelandesa) -- Valentina Tereshkova (Cosmonauta, primera mujer en el espacio) --Margaret Thatcher (Primera ministra del Reino Unido) --Harriet Tubman (Luchadora por la libertad y contra la esclavitud).<br/><br/>
590 ## - NOTA LOCAL (RLIN)
Nota local Inventariado, 2026/VM
650 #7 - PUNTO DE ACCESO ADICIONAL DE MATERIA--TÉRMINO DE MATERIA
Término de materia o nombre geográfico como elemento de entrada Mujeres
Subdivisión de forma Biografías
650 #7 - PUNTO DE ACCESO ADICIONAL DE MATERIA--TÉRMINO DE MATERIA
Término de materia o nombre geográfico como elemento de entrada Mujeres en la historia.
830 #0 - PUNTO DE ACCESO ADICIONAL DE SERIE-TÍTULO UNIFORME
Título uniforme
910 ## - DATOS DE OPCIÓN DEL USUARIO (OCLC)
Datos de opción del usuario VMateo V. Control de calidad. BPMSU
942 ## - ELEMENTOS DE PUNTO DE ACCESO ADICIONAL (KOHA)
Fuente del sistema de clasificación o colocación Dewey Decimal Classification
Tipo de ítem Koha Libros
Existencias
Estado de retiro Estado de pérdida Fuente del sistema de clasificación o colocación No para préstamo Código de colección Localización permanente Ubicación/localización actual Fecha de adquisición Total de préstamos Signatura topográfica completa Código de barras Fecha visto por última vez Precio válido a partir de Tipo de ítem Koha
    Dewey Decimal Classification   Colección Infantil General Biblioteca Pública Metropolitana Salomé Ureña Biblioteca Pública Metropolitana Salomé Ureña 10/13/2017   BPMSU CJGR R920.72 H869c 2006 BPMSU17100012 10/13/2017 10/13/2017 Libros